Suurimmat kaupungit kirjaimittain - T - Statistics

Yleistilastot
  • Tätä visaa on pelattu 701 kertaa
  • Keskiarvotulos 8 / 15
Vastaustilastot
Valtio Väkiluku Kaupunki % Oikein
Japani 40,8 milj. Tokio
99%
Kanada 7,55 milj. Toronto
94%
Ruotsi 2,25 milj. Tukholma
93%
Iran 16,2 milj. Teheran
86%
Taiwan 9,20 milj. Taipei
85%
Tunisia 2,78 milj. Tunis
85%
Israel 2,93 milj. Tel Aviv-Jaffa
69%
Uzbekistan 3,60 milj. Taškent
57%
Yhdysvallat 4,75 milj. Tampa
47%
Kiina 11,4 milj. Tianjin
42%
Kiina 5,75 milj. Taiyuan
21%
Meksiko 2,65 milj. Toluca
21%
Kiina 2,53 milj. Taizhou
11%
Taiwan 2,45 milj. Taichung
10%
Kiina 2,65 milj. Tangshan
9%
Ehtoja vastaavia visoja ei löytynyt
Tulosjakauma
Jokaisen tuloksen saaneiden osuus
Persentiili vastausten määrän mukaan
Tuloshistoriasi
Et ole pelannut tätä visaa